History of Colombia - Statistics

General Stats
  • This quiz has been taken 14 times
  • The average score is 5 of 15
Answer Stats
Hint Answer % Correct
Medellín cartel leader known as the "King of Cocaine." Pablo Escobar
100%
"Liberator" of South America who served as the first President of Gran Colombia. Simón Bolívar
82%
Neighboring country which broke off relations following the recognition ofopposition leader Juan Guaidó Bolivarian Republic of Venezuela
64%
City which is named for a Spanish city founded as a "New Carthage." Cartagena
64%
Marxist insurgent group which agreed to a truce after negotiations with Juan Manuel Santos. Revolutionary Armed Forces of Colombia
45%
Dominant political figure after Bolivar who held the presidency from 1832 until 1837 Santander
45%
Period of domestic unrest in the 1950s, sparked by the assassination Jorge Gaitán La Violencia
36%
This man founded Bogotá in in 1538 Gonzalo Jiménez de Quesada
27%
Viceroyalty of the Spanish crown from which it broke away along with its neighbors. Viceroyalty of New Granada
18%
Establishment of this administrative and judicial tribunal of Santafé de Bogotá in 1549 opened the colonial era audiencia
0%
This event in 1781 originated by peasants and artisans at Socorro in response to tax increases Comunero Rebellion
0%
This congress definitively organized the republic of Gran Colombia in1821 Congress of Cúcuta
0%
Late 19th century movement led by Rafael Núñez which aimed to reversesecularization La Regeneración
0%
A series of reforms brought by the presidency of Alfonso López Pumarejo (1934–38) Revolution on the March
0%
European exploration of the Colombian coastline was accomplished by this man, who in 1500–01 sailed the Caribbean coast from Cape of La Vela to Point Manzanilla in Panama Rodrigo de Bastidas
0%
No matching quizzes found
Score Distribution
Percent of People with Each Score
Percentile by Number Answered
Your Score History
You have not taken this quiz